00958nam a2200217 i 450000100060000000300090000600500170001500700030003200800410003510000280007624502800010426000350038430000220041949000250044150000480046670000320051483000330054685200220057999900170060195201220061826080ES-MaACL20230906153401.0t|030107s1964 sp ||||1| spa d1 aAresti, Gabriel.92264510aPiedra y pueblo b: recolecta de poemas, ganadora del Premio de Poesía Vasca convocado en Tolosa (Guipúzcoa), en el año 1963 en homenaje a Nicolás Ormaechea "Orixe" / cGabriel Aresti ; con traducción castellana del propio autor y un prólogo de Juan San Martín. aZarauz : bIcharopena, c1964. a175 p. ; c19 cm.1 aKuliska sorta ; v55 aEdición bilingüe en vasco y castellano.1 aSan Martín, Juan.91022630 aKuliska sorta ; v559182694 aES-MaACLjC-25486 c26080d26080 00104070aATENEOMbATENEOMcDEPO2d2008-01-17eSCl0oC-25486p1026915r2023-02-23 00:00:00w2023-02-23yMONOGRAFIA